| 000 | 02406nam a22004937a 4500 | ||
|---|---|---|---|
| 003 | CHAP | ||
| 005 | 20220329135427.0 | ||
| 008 | 971013s r 00010 d | ||
| 010 | _a36282 | ||
| 011 | _a37254 | ||
| 035 | _a41373 | ||
| 040 | _cCHAP | ||
| 082 |
_a333.0972 _bM49 |
||
| 110 |
_aMéxico. Departamento de Asuntos Agrarios y Colonización _976899 |
||
| 245 | _aMemoria de labores, 1958-1975 | ||
| 260 |
_aMéxico, D.F. : _bEl Departamento, _c19 - |
||
| 300 |
_av. _b: ilus |
||
| 500 | _aLa biblioteca tiene: 1959-60, 1960-61, 1961-62, 1962-63, 1963-64, 1964-65, 1965-66, 1966-67, 1967-68 1970-71 | ||
| 500 | _aTít. varía: Información de labores | ||
| 590 |
_aBATCH-UPD _b10 _c20130110 _lUCH01 _h0953 |
||
| 590 |
_aBATCH-UPD _b10 _c20130410 _lUCH01 _h0606 |
||
| 590 |
_aBATCH-UPD _b10 _c20130914 _lUCH01 _h2046 |
||
| 590 |
_aCONVERSION _b10 _c20130109 _lUCH01 _h1320 |
||
| 650 | 1 | 4 |
_aTierras _xTenencia _zMéxico. _9113215 |
| 901 | _aBK | ||
| 942 | _cLIBRO | ||
| 949 |
_a333.0972 M49 _bBC _cBPA _d-153534 _eBPA _f1958-59 c.2 _i41373 _si |
||
| 949 |
_a333.0972 M49 _bBC _cBPA _d-153535 _eBPA _f1958-59 c.3 _i41373 _si |
||
| 949 |
_a333.0972 M49 _bBC _cBPA _d-153536 _eBPA _f1958-59 c.4 _i41373 _si |
||
| 949 |
_a333.0972 M49 _bBC _cLIBRO _d-150158 _eLIBRO _f1958-59 _h35189 _i41373 _si |
||
| 949 |
_a333.0972 M49 _bBC _cLIBRO _d-94721 _eLIBRO _f1970-71 _h16801 _i41373 _si |
||
| 949 |
_a333.0972 M49 _bBC _cLIBRO _d33724000340352 _eLIBRO _f1967-68 _i41373 _si |
||
| 949 |
_a333.0972 M49 _bBC _cLIBRO _d33724000340360 _eLIBRO _f1966-67 _h12091 _i41373 _si |
||
| 949 |
_a333.0972 M49 _bBC _cLIBRO _d33724000340378 _eLIBRO _f1965-66 _i41373 _si |
||
| 949 |
_a333.0972 M49 _bBC _cLIBRO _d33724000340386 _eLIBRO _f1964-65 _h3719 _i41373 _si |
||
| 949 |
_a333.0972 M49 _bBC _cLIBRO _d33724000340394 _eLIBRO _f1963-64 _h3718 _i41373 _si |
||
| 949 |
_a333.0972 M49 _bBC _cLIBRO _d33724000340402 _eLIBRO _f1962-63 c.2 _i41373 _si |
||
| 949 |
_a333.0972 M49 _bBC _cLIBRO _d33724000340410 _eLIBRO _f1961-62 _h3716 _i41373 _si |
||
| 949 |
_a333.0972 M49 _bBC _cLIBRO _d33724000340436 _eLIBRO _f1962-63 _h3717 _i41373 _si |
||
| 949 |
_a333.0972 M49 _bBC _cLIBRO _d33724000340444 _eLIBRO _f1970-71 c.2 _h32331 _i41373 _si |
||
| 949 |
_a333.0972 M49 _bBC _cLIBRO _d33724000340543 _eLIBRO _f1959-60 _h3713 _i41373 _si |
||
| 949 |
_a333.0972 M49 _bBC _cLIBRO _d33724000340550 _eLIBRO _f1960-61 _h3714 _i41373 _si |
||
| 949 |
_a333.0972 M49 _bBC _cLIBRO _d33724000340568 _eLIBRO _f1960-61 c.2 _h3715 _i41373 _si |
||
| 999 |
_c36282 _d36282 |
||